000 01568cam a22001814a 4500
005 20250605164335.0
008 250528s ||||||||||||||||||||||||d
035 _a23409
040 _aGR-AtMCL
_bgre
_dGR-AtMCL
_eAACR2
245 1 _aChallenges and Opportunities of SEND Inclusion Classrooms for English Language Teachers in Doha, Qatar/Dissertation Submitted to the University of Derby in Partial Fulfilment of the Requirements for the Degree of Master of Arts in Education
260 _c2019
300 _a66
520 _aAbstract, Introduction, Rationale, Aims and Purpose of the Study, Review of the Literature, Introduction, SEND Students' Right to Education, English Language as a Necessity, SEND English Language Inclusion, Teacher Perspective on SEND Inclusion, Challenges of SEND Inclusion Classrooms, Resources and Support of SEND Inclusion, General Policies and SEND Inclusion in Qatar, MADA, Cross-Sectoral Services, Transition Challenges, Teaching Strategies Used to Implement SEND, Methodology, Introduction, Research Methodology and Epistemology of the Research, Data Collection and Interviews, Data Collection and Tools, Sampling, Data Analysis, Ethical Considerations, Reliability and Validity of the Study, Findings and Analysis and Discussion, Teacher Perspective on Imclusion, Opportunities, Challenges, Discussion, What are Teachers' Perspectives on the Approach of Inclusive Classrooms in Doha, Conclusions and Recommendations, Reerences, Appendices.
700 1 _aJaber Riham
_98976
942 _cDS
999 _c8429
_d8429